000 00591nam a2200217Ia 4500
003 OSt
005 20220928145102.0
006 a|||||r|||| 00| 0
007 ta
008 220927b |||||||| |||| 00| 0 eng d
024 _a78614
037 _cTextual
040 _aSDCL
_cSDCL
_beng
041 _2eng
_aeng
082 _aX62.2'P, P3
100 _aChhabra T N
_9373860
245 0 _aBanking theory and practice
_b Part-A Banking theory Part-B law and practice of banking.
260 _c2003
942 _hX62.2'P, P3
_cTEXL
_2CC
999 _c831822
_d831822